Ground pre hoboj a violu (1993)

Bibliographic Details
Main Author: Steinecker, Anton, 1971- (Composer)
Format: Musical Score Book
Language:Slovak
PhysicalDescription:1 partitúra (9 s.) + 2 hlasy 30 cm
Published: Bratislava Hudobný fond 2009
Edition:1. vyd.
Series:Musica slovaca
Subjects:

MARC

LEADER 00000ncm a2200000 a 4500
001 vtls010180938
003 SK-MaSNL
005 20260331205852.0
007 qu
008 101020s2009 xo zzgef u slo
015 |a SNBH2014 
024 2 |a 9790685000655 (brož.) 
028 3 1 |a HF 1025  |b Hudobný fond 
040 |a SNK  |b slo  |c SNK  |e AACR2 
041 0 |a slo 
044 |a xo  |c SK 
048 |b wb01  |a sb01 
072 7 |a 787  |x Hudba pre strunové a sláčikové nástroje  |2 konspekt 
072 7 |a 788  |x Hudba pre dychové nástroje  |2 konspekt 
080 |a 785.7  |2 2001 
080 |a 788.7:787.2:785.72  |2 2001 
080 |a 78.089.6.087  |2 2001 
084 |a 1.2.1  |2 snlmc 
100 1 |a Steinecker, Anton,  |d 1971-  |4 cmp  |9 100412 
245 1 0 |a Ground pre hoboj a violu  |h hudobnina  |b (1993)  |c Anton Steinecker 
246 1 1 |a Ground for oboe and viola 
250 |a 1. vyd. 
254 |a Partitúra a hlasy, reprodukcia rukopisu autora 
260 |a Bratislava  |b Hudobný fond  |c 2009 
300 |a 1 partitúra (9 s.) + 2 hlasy  |c 30 cm 
366 |e 500 výt. 
490 1 |a Musica slovaca 
650 0 7 |a komorná hudba  |2 SNKPH  |9 3431 
650 0 7 |a duá (hoboj, viola)  |2 SNKPH  |9 651870 
650 0 7 |a Chamber music  |2 SNKPHeng  |9 318202 
650 0 7 |a Duets (oboe, viola)  |2 SNKPHeng  |9 651871 
655 7 |a partitúry a hlasy  |2 SNKPH  |9 70304 
655 7 |a Scores and parts  |2 SNKPHeng  |9 303707 
830 0 |a Musica slovaca  |9 317889 
919 |a 979-0-68500-065-5 
924 |a hoboj, viola 
999 |c 1006113  |d 1008043 
952 |a SNK  |b SNK  |y VYP  |7 0  |p 17A0675835  |o snkHSB 4323 D1  |i snk2010/22954  |8 0  |0 0  |1 0  |4 0  |d 2010-10-20  |l 0  |r 2026-02-24 12:35:21  |w 2026-02-24 
952 |a SNK  |b SNK  |y VYP  |7 0  |p 17A0675837  |o snkHSB 4323/príl.1 D1  |i snk2010/22954  |8 0  |3 príl.  |0 0  |1 0  |4 0  |d 2010-10-20  |l 0  |r 2026-02-24 12:35:21  |w 2026-02-24 
952 |a SNK  |b SNK  |y VYP  |7 0  |p 17A0675836  |o snkHSB 4323/príl.2 D1  |i snk2010/22954  |8 0  |3 príl.  |0 0  |1 0  |4 0  |d 2010-10-20  |l 0  |r 2026-02-24 12:35:21  |w 2026-02-24 
952 |a SNK  |b SNK  |y PREZ  |7 0  |p 17A0675869  |o snkHSB 4323  |i snk2010/22953  |8 0  |0 0  |1 0  |4 0  |d 2010-10-20  |l 0  |r 2026-02-24 12:35:21  |w 2026-02-24 
952 |a SNK  |b SNK  |y PREZ  |7 0  |p 17A0675832  |o snkHSB 4323/príl.1  |i snk2010/22953  |8 0  |3 príl.  |0 0  |1 0  |4 0  |d 2010-10-20  |l 0  |r 2026-02-24 12:35:21  |w 2026-02-24 
952 |a SNK  |b SNK  |y PREZ  |7 0  |p 17A0675833  |o snkHSB 4323/príl.2  |i snk2010/22953  |8 0  |3 príl.  |0 0  |1 0  |4 0  |d 2010-10-20  |l 0  |r 2026-02-24 12:35:21  |w 2026-02-24